Jednotná sústava bánk dát obchodu - JSBDO '85 celoštátny odborný seminár : Vysoké Tatry, Stará Lesná 11.-13.11.1985

Gespeichert in:
Bibliographische Detailangaben
Format: Buch
Sprache:Slowakisch
Veröffentlicht: Banská Bystrica Dom techniky ČSVTS 1985
Tags: Tag hinzufügen
Keine Tags, Fügen Sie das erste Tag hinzu!

MARC

LEADER 00000nam a2200000 4500
001 c104849
005 20250828110748.7
041 0 |a slo 
044 |a SK 
245 1 0 |a Jednotná sústava bánk dát obchodu - JSBDO '85  |b celoštátny odborný seminár : Vysoké Tatry, Stará Lesná 11.-13.11.1985 
264 1 |a Banská Bystrica  |b Dom techniky ČSVTS  |c 1985 
300 |a 101 s.